|
|
|
|
| LEADER |
00000nam0a2200000 4500 |
| 001 |
66713 |
| 005 |
20231031072700.0 |
| 035 |
|
|
|a (RuTPU)RU\TPU\book\70927
|
| 090 |
|
|
|a 66713
|
| 100 |
|
|
|a 20040906d1968 m y0rusy50 ca
|
| 101 |
0 |
|
|a rus
|
| 102 |
|
|
|a RU
|
| 105 |
|
|
|a a j 001zy
|
| 200 |
1 |
|
|a Монтаж электрооборудования промышленных предприятий и установок
|e учебное пособие
|f Б. А. Делибаш, М. С. Живов, Е. А. Венецианов и др.
|
| 210 |
|
|
|a Москва
|c Стройиздат
|d 1968
|
| 215 |
|
|
|a 347 с.
|c ил.
|
| 320 |
|
|
|a Библиогр.: с. 343-344
|
| 610 |
1 |
|
|a промышленные предприятия
|
| 610 |
1 |
|
|a промышленные установки
|
| 610 |
1 |
|
|a электрооборудование
|
| 610 |
1 |
|
|a монтаж
|
| 610 |
1 |
|
|a конструкции
|
| 610 |
1 |
|
|a детали
|
| 610 |
1 |
|
|a крепление
|
| 610 |
1 |
|
|a кабельные жилы
|
| 610 |
1 |
|
|a кабельные линии
|
| 610 |
1 |
|
|a воздушные линии
|
| 610 |
1 |
|
|a распределительные устройства
|
| 610 |
1 |
|
|a пусконаладочные работы
|
| 610 |
1 |
|
|a учебные пособия
|
| 675 |
|
|
|a 621.3.002.3(075.32)
|v 3
|
| 701 |
|
1 |
|a Делибаш
|b Б. А.
|g Борис Апостолович
|
| 701 |
|
1 |
|a Живов
|b М. С.
|g Михаил Семенович
|
| 701 |
|
1 |
|a Венецианов
|b Е. А.
|g Евгений Андреевич
|
| 701 |
|
1 |
|a Трунковский
|b Л. Е.
|g Лазарь Емельянович
|
| 701 |
|
1 |
|a Хромченко
|b Г. Е.
|g Григорий Ефимович
|
| 701 |
|
1 |
|a Голованов
|b А. К.
|g Анатолий Кузьмич
|
| 801 |
|
1 |
|a RU
|b 63413507
|c 20040906
|g PSBO
|
| 801 |
|
2 |
|a RU
|b 63413507
|c 20221124
|g PSBO
|
| 942 |
|
|
|c BK
|